000 00437nam a22001697a 4500
999 _c18538
_d18538
008 200928b xxu||||| |||| 00| 0 eng d
020 _a1292059443
050 _aHB172.5
_b.H83 2015 c.1
100 _aHubbard, R. Glenn
245 _aMacroeconomics
250 _a5th ed.
_bGlobal edition
260 _aBoston
_bPearson
_c2015
300 _a734p.
650 _aMacroeconomics
700 _aAnthony Patrick O'brien
942 _2lcc
_cBK